اختر انصاری اور انکی غزل گویی / (Record no. 106460)

MARC details
000 -LEADER
fixed length control field 00865nam a22002537a 4500
005 - DATE AND TIME OF LATEST TRANSACTION
control field 20170123162312.0
010 ## - LIBRARY OF CONGRESS CONTROL NUMBER
LC control number B-245230
020 ## - INTERNATIONAL STANDARD BOOK NUMBER
Terms of availability 250.00
035 ## - SYSTEM CONTROL NUMBER
System control number B-245230
037 ## - SOURCE OF ACQUISITION
Source of stock number/acquisition Cen Lib/Ret
040 ## - CATALOGING SOURCE
Original cataloging agency DPL
Language of cataloging UR
082 ## - DEWEY DECIMAL CLASSIFICATION NUMBER
Classification number 841.08
Item number ا ن ص
100 ## - MAIN ENTRY--PERSONAL NAME
Personal name عدل حیات
9 (RLIN) 111998
245 ## - TITLE STATEMENT
Title اختر انصاری اور انکی غزل گویی /
Statement of responsibility, etc عدل حیات
246 ## - VARYING FORM OF TITLE
Title proper/short title Akhatar Ansari aur uski ghazal goyi /
Remainder of title by Adil Hayat
260 ## - PUBLICATION, DISTRIBUTION, ETC. (IMPRINT)
Place of publication, distribution, etc نیی دہلی
Name of publisher, distributor, etc نرالی پبلکشانس دنیا
Date of publication, distribution, etc 2006
270 ## - ADDRESS
City نیی دہلی
Address 358, بازار دلھ گیٹ
Postal code 110002
300 ## - PHYSICAL DESCRIPTION
Extent 144p.
Dimensions 21cm(Hb)
650 ## - SUBJECT ADDED ENTRY--TOPICAL TERM
Topical term or geographic name as entry element اردو ادب
9 (RLIN) 111999
650 ## - SUBJECT ADDED ENTRY--TOPICAL TERM
Topical term or geographic name as entry element اردو سوانح عمری
9 (RLIN) 112000
650 ## - SUBJECT ADDED ENTRY--TOPICAL TERM
Topical term or geographic name as entry element Urdu literature
9 (RLIN) 112001
650 ## - SUBJECT ADDED ENTRY--TOPICAL TERM
Topical term or geographic name as entry element Urdu biography
9 (RLIN) 511
942 ## - ADDED ENTRY ELEMENTS (KOHA)
Source of classification or shelving scheme Dewey Decimal Classification
Koha item type Urdu Bks
Classification part 841.08
Call number suffix ا ن ص
Holdings
Withdrawn status Lost status Damaged status Not for loan Home library Current library Date acquired Source of acquisition Cost, normal purchase price Total Checkouts Full call number Barcode Date last seen Copy number Cost, replacement price Price effective from Koha item type
        Central Library Central Library 21/12/2015 Cen Lib/Ret 250.00   841.08 ا ن ص B-245230 21/12/2015 1 250.00 21/12/2015 Urdu Bks

© Delhi Public Library
Hit Counter
free hit counter